000 01528cam a2200289 4500
001 L157614
002 18000
008 050825n2009 000 0 eng u
020 _a9781847039545
035 _a(Sirsi) u157614
041 0 _aeng
050 0 4 _a692.8 $2 18
110 2 _aJoint Contracts Tribunal
_93664
240 0 0 _aICSub/D/A
245 0 0 _aICSub/D/A
_bIntermediate Sub-Contract with Sub-Contractor's Design Agreement 2005, revision 2 2009
260 _aLondon
_bSweet and Maxwell
_c2009
300 _aii, 24p.
_c30cm.
350 _a27.76
490 0 _aJCT Intermediate Subcontract with Subcontractor's Design Agreement (2005 Edition)
520 _aAppropriate for use with the JCT Intermediate Building Contract with Contractor's Design (2005 Edition) for subcontract works designed by the subcontractor. The contract can be used where the works are to be carried out in sections, on an adjusted subcontract sum basis or complete remeasurement. This form is not suitable where the subcontractor is not to design any part of the subcontract works or is named in the main contract.
650 2 4 _aJCT INTERMEDIATE SUBCONTRACT WITH SUBCONTRACTOR'S DESIGN AGREEMENT (2005 EDITION)
650 2 4 _aJCT INTERMEDIATE BUILDING CONTRACT (2005 EDITION)
650 2 4 _aJCT INTERMEDIATE BUILDING CONTRACT WITH CONTRACTOR'S DESIGN (2005 EDITION)
651 4 _aUnited Kingdom
_y
690 _aBUILT ENVIRONMENT-BUILDING CONTRACT FORMS-STANDARD FORMS OF BUILDING CONTRACT-JOINT CONTRACTS TRIBUNAL CONTRACTS
942 _n0
999 _c114870
_d114870